Los anales de San Bertín
Kaydedildi:
| Yazar: | |
|---|---|
| Materyal Türü: | Kitap |
| Dil: | İngilizce |
| Baskı/Yayın Bilgisi: |
Cáceres, España:
Universidad de Extremadura,
2018
|
| Edisyon: | 1ª edición. |
| Seri Bilgileri: | Tempus Werra,
VI |
| Konular: | |
| Etiketler: |
Etiketle
Etiket eklenmemiş, İlk siz ekleyin!
|
MARC
| LEADER | 00000nam a22000007a 4500 | ||
|---|---|---|---|
| 003 | CL-VaPUC | ||
| 005 | 20220111103712.0 | ||
| 008 | 211201b2018 ||||| |||| 00| 0 eng d | ||
| 999 | |c 434245 |d 434243 | ||
| 020 | |a 978-84-3127-012-6 | ||
| 040 | |c Pontificia Universidad Católica de Valparaíso | ||
| 082 | |a 944.04 CAR 2018 |2 22 | ||
| 100 | 1 | |a Carmona Centeno, David |e introducción |e traducción |e notas |9 865043 | |
| 245 | 1 | 4 | |a Los anales de San Bertín |
| 250 | |a 1ª edición. | ||
| 260 | |a Cáceres, España: |b Universidad de Extremadura, |c 2018 | ||
| 300 | |a 177 páginas | ||
| 490 | |a Tempus Werra, |v VI | ||
| 500 | |a Donación Sr. David Centeno Carmona (autor) memo HIS/008 10-09-2021 | ||
| 583 | |c 20211201 |k Sebastián Perez | ||
| 650 | 0 | |a Imperio carolingio |9 392797 | |
| 651 | 0 | |a Francia |9 857478 |x Historia |y hasta 987 | |
| 942 | |2 ddc |c BK | ||
| 952 | |0 0 |1 0 |2 ddc |4 0 |6 944_040000000000000_CAR_2018 |7 0 |8 A |9 579427 |a BIBHIS |b BIBHIS |d 2021-12-01 |e Donación |i 562777K |o 944.04 CAR 2018 |p 562777K |r 2025-01-20 |t 1 |w 2021-12-01 |y BK |k HIS | ||